History Quiz

Random History or Country Quiz
Score 0/27 Timer 08:00
9 Plays Today
% Correct
South Korea
93.3%
Australia
82.7%
India
81.4%
China
80.9%
Brazil
78.4%
Canada
78.4%
France
74.4%
United Kingdom
73.8%
United States
73.2%
Russia
70.8%
North Korea
69.5%
Turkey
67.6%
Norway
64.3%
Germany
63.9%
% Correct
Italy
63.8%
Israel
56%
Iran
56%
Egypt
54.1%
Uganda
44.1%
Philippines
40.4%
Georgia
38.6%
Cuba
34.6%
Colombia
28.8%
Indonesia
24.9%
Afghanistan
23.3%
Kyrgyzstan
22.4%
Bolivia
20.8%
Remove Ads.
Support Sporcle.
Get the best of Sporcle when you Go Orange. This ad-free experience offers more features, more stats, and more fun while also helping to support Sporcle. Thank you for becoming a member.

You're not logged in!

Compare scores with friends on all Sporcle quizzes.
OR
Log In

Show Comments

Extras

Top Quizzes Today


Score Distribution

Your Account Isn't Verified!

In order to create a playlist on Sporcle, you need to verify the email address you used during registration. Go to your Sporcle Settings to finish the process.

Report this User

Report this user for behavior that violates our Community Guidelines.

Details: